Law Vocabulary (U.S.) - Statistics

General Stats
  • This quiz has been taken 578 times
  • The average score is 10 of 25
Answer Stats
Definition First
Letter
Term % Correct
An individual (or business) against whom a lawsuit is filed. D Defendant
78%
The release, prior to trial, of a person accused of a crime, under specified conditions designed to assure that person's appearance in court when required. Also, can refer to the amount of bond money posted as a financial condition of pretrial release. B Bail
73%
A person called upon by either side in a lawsuit to give testimony before the court or jury. W Witness
73%
In a criminal case, the defendant's statement claiming "guilty" or "not guilty" in answer to the charges. P Plea
63%
A jury verdict that a criminal defendant is not guilty, or the finding of a judge that the evidence is insufficient to support a conviction. A Acquittal
51%
Money that a defendant pays a plaintiff in a civil case if the plaintiff has won. May be compensatory (for loss or injury) or punitive (to punish and deter future misconduct). D Damages
51%
A written or printed statement made under oath. A Affidavit
47%
A command, issued under a court's authority, to a witness to appear and give testimony. S Subpoena
47%
A written, word-for-word record of what was said, either in a proceeding such as a trial, or during some other formal conversation, such as a hearing or oral deposition. T Transcript
44%
A legal procedure for dealing with debt problems of individuals and businesses; specifically, a case filed under one of the chapters of title 11 of the United States Code. B Bankruptcy
42%
The offices of a judge and his or her staff. C Chambers
41%
Procedures used to obtain disclosure of evidence before trial. D Discovery
40%
A creditor's assertion of a right to payment from a debtor or the debtor's property. C Claim
39%
A legal action started by a plaintiff against a defendant based on a complaint that the defendant failed to perform a legal duty which resulted in harm to the plaintiff. L Lawsuit
39%
The party who appeals a district court's decision, usually seeking reversal of that decision. A Appellant
37%
Property of all kinds, including real and personal, tangible and intangible. A Assets
37%
An oral statement made before an officer authorized by law to administer oaths. Such statements are often taken to examine potential witnesses, to obtain discovery, or to be used later in trial. D Deposition
29%
A written statement submitted in a trial or appellate proceeding that explains one side's legal and factual arguments. B Brief
26%
A judge's written explanation of the decision of the court. O Opinion
23%
A log containing the complete history of each case in the form of brief chronological entries summarizing the court proceedings. D Docket
22%
A written statement that begins a civil lawsuit, in which the plaintiff details the claims against the defendant. C Complaint
21%
The setting aside of the decision of a lower court. R Reversal
21%
The status of a decision that has been appealed and found to be correct as rendered by the lower court. A Affirmed
20%
The geographic area in which a court has jurisdiction. V Venue
19%
A description of evidence that may be considered by a jury or judge in civil and criminal cases. A Admissible
15%
No matching quizzes found
Score Distribution
Percent of People with Each Score
Percentile by Number Answered
Your Score History
You have not taken this quiz